000 00975nam0a22002651 4500
001 RU\INFOCOMM_322\NLR\5000108010
005 20250614080054.0
035 _a(NLR Aleph) 010592170
090 _a10506497
_c10506497
100 _a20121214d1933 |||y0rusy50 ca
101 0 _aeng
102 _aRU
105 _ay z||||
200 1 _aSafeguarding public (socialist) property
_fBy N. Krylenko ...
210 _aM.
_aL.
_cCo-operative publ. society of foreign workers in the USSR
_d1933
215 _a43 с.
_d18 см
300 _aНа 4-й с. обл.: Н. Крыленко. Об охране и укреплении общественной (социалистической) собственности
620 _aМосква
686 _aП60-Собственность
_2rubbk
700 1 _aKrylenko
_bN. V.
_f1885-
_gNikolaj Vasil'evič
801 1 _aRU
_bNLR
_c20121214
801 0 _aRU
_bINFOCOMM
_gPSBO
852 _aNLR
_jD-8/19
_y2 экз.
942 _cBOOK
980 _aNB